[Event "FRA-chT U20 0304"]
[Site "France"]
[Date "2004.??.??"]
[Round "5"]
[White "Le Hyaric, Edern"]
[Black "Lagarde, Maxime"]
[Result "0-1"]
[WhiteElo "1009"]
[BlackElo "1460"]
[PlyCount "82"]
[EventDate "2003.11.??"]
[EventType "team"]
[EventRounds "11"]
[EventCountry "FRA"]
[SourceTitle "EXT 2005"]
[Source "ChessBase"]
[SourceDate "2004.11.15"]
[SourceVersion "1"]
[SourceVersionDate "2004.11.15"]
[SourceQuality "1"]
[WhiteTeam "Clichy"]
[BlackTeam "Niort"]
[WhiteTeamCountry "FRA"]
[BlackTeamCountry "FRA"]

1. e4 c5 2. Nf3 Nc6 3. Bc4 Nf6 4. d4 cxd4 5. Nxd4 Nxe4 6. Bf4 e5 7. Nxc6 bxc6 8. Bxe5 Qa5+ 9. Bc3 Nxc3 10. Nxc3 Qe5+ 11. Ne2 Bd6 12. Qd2 Qxb2 13. 0-0 Qe5 14. g3 0-0 15. Rfd1 Bc7 16. Qf4 Qxf4 17. Nxf4 Bxf4 18. gxf4 d5 19. Bd3 Bh3 20. Re1 Rfe8 21. Rxe8+ Rxe8 22. Rb1 g6 23. f3 h5 24. Rb7 Ra8 25. Rc7 Rc8 26. Rxa7 c5 27. c4 d4 28. Kf2 Re8 29. Kg3 Re3 30. Bc2 Rc3 31. Be4 Be6 32. Kf2 Bxc4 33. Ra8+ Kg7 34. f5 d3 35. fxg6 fxg6 36. Ra7+ Kf6 37. a4 Rc2+ 38. Ke3 Re2+ 39. Kf4 g5+ 40. Kg3 d2 41. Ra6+ Bxa6 0-1